Представление документа в формате MARC21

Поле Инд. ПП Название Значение
Тип записи a
Библиографический уровень m
001 Контрольный номер 1de68518b82a4612947aabd71742ee9d
005 Дата корректировки 20260514144858.1
098 00 b РЯ
x ГФ
100 10 a Автор Цветкова И.В.
245 00 a Заглавие Русский язык и литература
b Продолж. заглавия Метод.рекомендации и контрольные задания для слушателей подготовительных курсов при ТГТУ
b Продолж. заглавия в составе учебно-методического комплекса
260 00 a Место издания Тверь
300 00 a Объем 24с.
440 _0 a Серия УМК-М
583 a Действие Приписка : УМК
653 00 a Ключевые слова Русский язык как иностранный
773 18 d Место и дата издания 2000
w Контрольный № источника dc6a3acc5861403a88b8d237d0984e55
w Контрольный № источника 49a893bb61f140158b24da04a763a8c5
905 c Дата приписки 20.04.26
c Дата приписки 14.05.26
950 a Редактор записи тр